Time series analysis (Record no. 166)

MARC details
000 -LEADER
fixed length control field 00602 a2200205 4500
001 - CONTROL NUMBER
control field 065922
003 - CONTROL NUMBER IDENTIFIER
control field OSt
005 - DATE AND TIME OF LATEST TRANSACTION
control field 20251210103635.0
008 - FIXED-LENGTH DATA ELEMENTS--GENERAL INFORMATION
fixed length control field
082 ## - DEWEY DECIMAL CLASSIFICATION NUMBER
Classification number 519.55
Item number B69T
100 1# - MAIN ENTRY--PERSONAL NAME
Personal name Box, George E.P.
245 1# - TITLE STATEMENT
Title Time series analysis
Statement of responsibility, etc By George E.p. Box And Gwilym M. Jenkins
250 ## - EDITION STATEMENT
Edition statement 3rd ed.
260 ## - PUBLICATION, DISTRIBUTION, ETC. (IMPRINT)
Place of publication, distribution, etc New Delhi
Name of publisher, distributor, etc Pearson
Date of publication, distribution, etc 2009
300 ## - PHYSICAL DESCRIPTION
Extent 598p.
500 ## - GENERAL NOTE
General note English
690 ## - LOCAL SUBJECT ADDED ENTRY--TOPICAL TERM (OCLC, RLIN)
Topical term or geographic name as entry element Time-series analysis; Prediction theory; Transfer functions; Feedback control systems--Mathematical models
700 ## - ADDED ENTRY--PERSONAL NAME
Personal name Jenkins, Gwilym M.
942 ## - ADDED ENTRY ELEMENTS (KOHA)
Source of classification or shelving scheme Dewey Decimal Classification
Koha item type Books
Holdings
Withdrawn status Lost status Source of classification or shelving scheme Damaged status Not for loan Collection code Home library Current library Department Date acquired Source of acquisition Coded location qualifier Cost, normal purchase price Inventory number(Invoice/Date) Total Checkouts Full call number Barcode Date last seen Date checked out Price effective from Koha item type Public note
    Dewey Decimal Classification     General Text Book Central University Of Rajasthan Central University Of Rajasthan Statistics 07/03/2012 STT Book Fair 425.00 738/03-02-2010 4 519.55 B69T 208 23/09/2025 09/09/2025 02/09/2020 Books Pearson, New Delhi
    Dewey Decimal Classification     General Text Book Central University Of Rajasthan Central University Of Rajasthan Statistics 07/03/2012 STT Book Fair 425.00 738/03-02-2010 2 519.55 B69T 209 21/11/2024 01/03/2023 02/09/2020 Books Pearson, New Delhi